Luật tục Mnông và ảnh hưởng của nó đối với quá trình thực thi pháp luật của người Mnông hiện nay /

Đã lưu trong:
Bibliografiske detaljer
Hovedforfatter: Võ Công Khôi.
Format: Bài viết
Sprog:Vietnamese
Fag:
Tags: Tilføj Tag
Ingen Tags, Vær først til at tagge denne postø!
Thư viện lưu trữ: Thư viện Trường Đại học Đà Lạt
LEADER 00855nam a2200289 4500
001 DLU060055065
040 # # |a DLU  |b vie 
041 # # |a vie 
044 # # |a vn 
100 # # |a Võ Công Khôi. 
245 # # |a Luật tục Mnông và ảnh hưởng của nó đối với quá trình thực thi pháp luật của người Mnông hiện nay /  |c Võ Công Khôi. 
653 # # |a Luật tục 
653 # # |a Người Mơ nông 
653 # # |a Người Mnông 
773 # # |t Khoa học xã hội   |g Số 3+4, 2006, tr. 81-87 
920 # # |a Phòng Tạp chí -- Trung tâm Thông tin - Thư viện Trường Đại học Đà Lạt 
933 # # |a DP 
933 # # |a LS 
933 # # |a VN 
994 # # |a DLU 
900 # # |a True 
911 # # |a Nguyễn Thị Minh Cầm 
925 # # |a G 
926 # # |a A 
927 # # |a BB 
980 # # |a Thư viện Trường Đại học Đà Lạt